| Tag |
First Indicator |
Second Indicator |
Subfields |
| LEADER |
00000cam a2200000 4500 |
| 001 |
in00001977021 |
| 006 |
m | d | |
| 007 |
cr |n||||||||n |
| 008 |
790922s1765 enk|||| s o00||||eng d |
| 005 |
20260403172823.8 |
| 035 |
|
|
|a (CStRLIN)ESTCT65706
|
| 040 |
|
|
|a Uk-ES
|c Uk-ES
|d CStRLIN
|d Thomson Gale
|d UtOrBLW
|
| 110 |
1 |
|
|a Great Britain.
|b Parliament.
|
| 240 |
1 |
0 |
|a Bills. 1765-02-15
|
| 245 |
1 |
3 |
|a An act for dividing and inclosing the open and common arable fields, meadows, pastures, commons and waste grounds, in the lordship and parish of Flambrough, in the county of York.
|
| 264 |
|
1 |
|a [London],
|b [publisher not identified] ;
|c [1765]
|
| 300 |
|
|
|a 18, 2 unnumbered pages ;
|c 2⁰.
|
| 336 |
|
|
|a text
|b txt
|2 rdacontent
|
| 337 |
|
|
|a computer
|b c
|2 rdamedia
|
| 338 |
|
|
|a online resource
|b cr
|2 rdacarrier
|
| 500 |
|
|
|a Drop-head title.
|
| 500 |
|
|
|a Docket title dated 1765.
|
| 500 |
|
|
|a Enacted: Private Acts, 5 Geo.III.c.23.
|
| 500 |
|
|
|a Reproduction of original from the British Library.
|
| 510 |
4 |
|
|a English Short Title Catalog,
|c ESTCT65706.
|
| 533 |
|
|
|a Electronic reproduction.
|b Farmington Hills, Mich. :
|c Thomson Gale,
|d 2003.
|n Available via the World Wide Web.
|n Access limited by licensing agreements
|7 s2003 miunns
|
| 500 |
|
|
|a Electronic resource.
|
| 830 |
|
0 |
|a Eighteenth century collections online.
|
| 856 |
4 |
0 |
|u http://proxy.library.tamu.edu/login?url=https://galenet.galegroup.com/servlet/ECCO?c=1&stp=Author&ste=11&af=BN&ae=T065706&tiPG=1&dd=0&dc=flc&docNum=CW124962487&vrsn=1.0&srchtp=a&d4=0.33&n=10&SU=0LRJ&locID=txshracd2898
|z Full text online
|t 0
|
| 999 |
|
|
|a MARS
|
| 999 |
f |
f |
|s 8614e1f4-df33-3529-997d-088cdca2d2c3
|i d150fb46-eb15-3002-9769-191464458924
|t 0
|
| 952 |
f |
f |
|a Texas A&M University
|b College Station
|c Electronic Resources
|s www_evans
|d Available Online
|t 0
|h No information provided
|
| 998 |
f |
f |
|t 0
|l Available Online
|